A guide to advanced linear algebra
Αποθηκεύτηκε σε:
| Κύριος συγγραφέας: | |
|---|---|
| Μορφή: | Βιβλίο |
| Γλώσσα: | English |
| Δημοσίευση: |
Washington :
Mathematical Association of America,
c2011
|
| Σειρά: | Dolciani mathematical expositions ;
; 44 |
| Θέματα: | |
| Ετικέτες: |
Προσθήκη ετικέτας
Δεν υπάρχουν, Καταχωρήστε ετικέτα πρώτοι!
|
MARC
| LEADER | 00000nam a2200000 i 4500 | ||
|---|---|---|---|
| 001 | 1/29024 | ||
| 008 | 130425s2011 eng d | ||
| 020 | |a 978-0-88385-351-1 | ||
| 035 | |l 10114301 | ||
| 040 | |a GR-MY-UA |b gre |e aacr | ||
| 041 | 0 | |a eng | |
| 082 | 0 | |a 512.5 |2 (22) | |
| 100 | 1 | |a Weintraub, Steven H. | |
| 245 | 1 | 2 | |a A guide to advanced linear algebra / |c Steven H. Weintraub |
| 260 | |a Washington : |b Mathematical Association of America, |c c2011 | ||
| 300 | |a xii, 252 σ.; |c 24 εκ. | ||
| 490 | 1 | |a The Dolciani mathematical Expositions |v ; 44 | |
| 504 | |a Περιλαμβάνει βιβλιογραφία και ευρετήριο | ||
| 650 | 0 | 0 | |a Algebras, Linear. |
| 830 | 0 | |a Dolciani mathematical expositions ; |v ; 44 | |
| 852 | |a INST |b CHIOS |e 20130425 |h 512.5 WEI |p 005200035423 |q 005200035423 |t BK |y 0 | ||
| 901 | |a BIBL2-2013-1 | ||
| 909 | |a Χ |b 177548 | ||
| 922 | |a 2ΕΛΗ |b 201304 |c ΤΑΚ/ΤΜΟΔ |d ΙΩΑΝΝΙΔΟΥ | ||
| 970 | |a ΠΟΥΛΑΚΗ |b ΣΤΕΛΛΑ |z 2013/04/25 | ||